| 000 | 01773 a2200169 4500 | ||
|---|---|---|---|
| 003 | NUST | ||
| 005 | 20230126151742.0 | ||
| 028 | _a909.4307 | ||
| 040 | _cNust | ||
| 082 | _a909.4307,REE | ||
| 100 |
_aReed , Douglas _949970 |
||
| 245 |
_aInsanity fair / _cDouglas Reed |
||
| 260 |
_alondon _bJonathan _c1939 |
||
| 300 | _a431 .;p | ||
| 505 | _aJourney ' s B eginning (Page-7), The War Called Great (Page-24), Green And Pleasant Land (Page-48), Parisian Attic (Page-53), Northcliffian Episode (Page-57), Muscling In (Page-62), German Journey (Page-81), Hindenburg On The Rhine (Page-74), German Freedom (Page-81), BrendaMary (Page-102),Grand Old Man (Page105-), Briining's Fall (Page109-), Papen Appears (Page-114), Hitler's Victory (Page-117), Reichstag Fire (Page-130), Spirit Of Potsdam (Page-143), No Jews is Good Jews (Page-151), Midsummer Nightmare (Page-160), ecklenburg Idyll (Page-175), Hindenburg Goes To Valhalla (Page-177), German Leavetaking (Page-181), Years That The Locust (Page-184) Hitler And Eden (Page-188), Moscow Excurs (Page-193),Feats Of Memory (Page-205), Newspaper Men (Page-207), Eden (Page-211),English April (Page-216),Three Just Men (Page-220), Genevan Shadow Show (Page-226), Bound For Danubia (Page-232), The Other Germany (Page-235),Serb Soliloquy (Page-254), Boris And His Bulgars (Page-270),Grecian Detour (Page-280), Through The Dardanelles (Page-290), 'Truth Prevails' (Page-303), Rumanian Rumination (Page-316),Little Entente (Page-323), Magyarland (Page-328), Windsor Interlude (Page-334),Gadarene Gallop (Page-339), England Groping In The dark (Page-359), First Make Mad (Page-368), Two Dead Women Of Linz (Page-379), Tulip Time (Page-383), Another EnglishApril (Page-418), Fade Out (Page-426). | ||
| 942 |
_2ddc _cBK _k909.4307,REE |
||
| 999 |
_c193999 _d193999 |
||